« Retourner aux résultats de recherche
Kolkhoze
| Auteur principal: | Emmanuel Carrère |
|---|---|
| Support: | Livres |
| Langue: | Francais |
| Genre: |
Roman (gros caractères) |
| Sujets: | |
| Étiquettes: |
Ajouter
Pas de Tags !
|
| LEADER | 00964nam0a2200181 450 | ||
|---|---|---|---|
| 001 | 16847627 | ||
| 010 | |a 978-2-37828-848-8 |b br. |d 49 | ||
| 100 | |a 20251217d2025 u u0frey01 ba | ||
| 101 | 0 | |a fre | |
| 102 | |a FR | ||
| 200 | 0 | |a Kolkhoze |f Emmanuel Carrère | |
| 207 | 1 | |a | |
| 215 | |a 2 vol. (404, 396 p.) |d 24 x 16 cm | ||
| 330 | |a Au lendemain de la Seconde Guerre mondiale, un jeune bourgeois bordelais rencontre Hélène Zourabichbvili, la fille d'une aristocrate germano-russe ruinée et d'un Géorgien bipolaire disparu à la Libération. Après le mariage, la jeune femme prend le nom de Carrère d'Encausse puis devient une spécialiste internationalement reconnue de la Russie et secrétaire perpétuelle de l'Académie française. | ||
| 700 | 0 | |a Carrère |b Emmanuel |f 1957-.... |4 70 | |
| 900 | |a Roman (gros caractères) | ||
| 901 | |a Accessible au prêt | ||
| 995 | |a Bibliothèque |c Bibliothèque |f 00156009423112 |h 00156009423112 |k R CAR 1/1 |o p |q a |r az |e Bibliothèque | ||
